The Asians, their heritage and their destiny.
Đã lưu trong:
| Tác giả chính: | |
|---|---|
| Định dạng: | Sách |
| Ngôn ngữ: | Undetermined |
| Được phát hành: |
Philadelphia
Lippincott
1970
|
| Những chủ đề: | |
| Các nhãn: |
Thêm thẻ
Không có thẻ, Là người đầu tiên thẻ bản ghi này!
|
| Thư viện lưu trữ: | Trung tâm Học liệu Trường Đại học Cần Thơ |
|---|
| LEADER | 00525nam a2200193Ia 4500 | ||
|---|---|---|---|
| 001 | CTU_89362 | ||
| 008 | 210402s9999 xx 000 0 und d | ||
| 082 | |a 950.42 | ||
| 082 | |b W464 | ||
| 100 | |a Welty, Paul Thomas | ||
| 245 | 4 | |a The Asians, their heritage and their destiny. | |
| 245 | 0 | |c Paul Thomas Welty | |
| 260 | |a Philadelphia | ||
| 260 | |b Lippincott | ||
| 260 | |c 1970 | ||
| 650 | |a Asia,Asia | ||
| 650 | |x Social life and customs. | ||
| 904 | |i Năm | ||
| 980 | |a Trung tâm Học liệu Trường Đại học Cần Thơ | ||